00421nam a22001337a 4500003000400000005001700004008004100021040001100062100005900073245009000132250000800222260004900230300000800279OSt20240416145637.0240416b |||||||| |||| 00| 0 eng d cMRSPTU aHundal, Sukhwant (ਹੁੰਦਲ,ਸੁਖਵੰਤ ) aPicket Line and Other Plays (ਪਿਕਟ ਲਾਈਨ ਤੇ ਹੋਰ ਨਾਟਕ) a1st aPunjabbBalraj Sahni Yadgaar Parkashanc1995 a243